000 00453pab a2200169 454500
008 180718b1999 xxu||||| |||| 00| 0 eng d
100 _aPrasad, C. Hemalatha
245 _aUnorganised sector: women in beedi making industry - a case study
260 _c1999
300 _ap.113-32
362 _aMar
650 _aCase studies
650 _aBeedi industry
650 _aWomen in industry
773 _aJournal of Rural Development
909 _a44026
999 _c44026
_d44026